[Event "BEL-chT 0405"]
[Site "Belgium"]
[Date "2005.01.09"]
[Round "6"]
[White "Soetewey, Steven"]
[Black "Foguenne, Marc"]
[Result "1-0"]
[WhiteElo "2229"]
[BlackElo "2200"]
[PlyCount "55"]
[EventDate "2004.09.09"]
[EventType "team-tourn"]
[EventRounds "11"]
[EventCountry "BEL"]
[SourceTitle "EXT 2006"]
[Source "ChessBase"]
[SourceDate "2005.11.24"]
[SourceVersion "1"]
[SourceVersionDate "2005.11.24"]
[SourceQuality "1"]
[WhiteTeam "Leuven Lustige Vrijpion"]
[BlackTeam "SK Rochade"]
[WhiteTeamCountry "BEL"]
[BlackTeamCountry "BEL"]

1. Nc3 d5 2. e4 e6 3. f4 dxe4 4. Nxe4 Nf6 5. Qf3 Nbd7 6. d3 Be7 7. Bd2 0-0 8. 0-0-0 Rb8 9. Ne2 b5 10. Nd4 Bb7 11. Nxb5 c5 12. Na3 Nd5 13. Nc4 N7b6 14. f5 Qd7 15. fxe6 Qxe6 16. Re1 Qd7 17. Qg3 f5 18. Ne5 Qc7 19. Ng5 Qd6 20. Nc4 Qxg3 21. hxg3 Bxg5 22. Bxg5 Nxc4 23. dxc4 Nf6 24. Re7 Ne4 25. Bf4 Rfe8 26. Bxb8 Rxe7 27. Bd3 Nxg3 28. Bxg3 1-0

[Event "BEL-chT 0304"]
[Site "Belgium"]
[Date "2004.01.18"]
[Round "7.5"]
[White "Soetewey, Steven"]
[Black "Defize, Alain"]
[Result "1/2-1/2"]
[WhiteElo "2238"]
[BlackElo "2276"]
[PlyCount "32"]
[EventDate "2003.10.01"]
[EventType "team-tourn"]
[EventRounds "11"]
[EventCountry "BEL"]
[SourceTitle "EXT 2005"]
[Source "ChessBase"]
[SourceDate "2004.11.15"]
[SourceVersion "1"]
[SourceVersionDate "2004.11.15"]
[SourceQuality "1"]
[WhiteTeam "Leuven"]
[BlackTeam "Eynatten II"]
[WhiteTeamCountry "BEL"]
[BlackTeamCountry "BEL"]

1. Nc3 c5 2. d4 cxd4 3. Qxd4 Nc6 4. Qh4 Nf6 5. e4 d6 6. Bg5 e6 7. 0-0-0 Be7 8. f4 Qa5 9. Qe1 a6 10. Bc4 b5 11. Bb3 b4 12. Nb1 Qc7 13. Nf3 0-0 14. e5 dxe5 15. fxe5 Nd5 16. Qe4 Bb7 1/2-1/2

[Event "Ghent op 24th"]
[Site "Ghent"]
[Date "2001.07.16"]
[Round "6"]
[White "Bagheri, Amir"]
[Black "Soetewey, Steven"]
[Result "1-0"]
[WhiteElo "2390"]
[BlackElo "2170"]
[PlyCount "69"]
[EventDate "2001.07.14"]
[EventType "swiss"]
[EventRounds "9"]
[EventCountry "BEL"]
[SourceTitle "EXT 2002"]
[Source "ChessBase"]
[SourceDate "2001.11.25"]
[SourceVersion "1"]
[SourceVersionDate "2001.11.25"]
[SourceQuality "1"]

1. c4 Nc6 2. Nc3 Nf6 3. g3 g6 4. Bg2 Bg7 5. d4 0-0 6. Nf3 d6 7. 0-0 e5 8. d5 Ne7 9. e4 Ne8 10. Bd2 c5 11. dxc6 bxc6 12. b4 Be6 13. Qe2 h6 14. Rfd1 Qc7 15. Rac1 Qb7 16. Rb1 Rc8 17. a4 Qc7 18. Rdc1 f5 19. Nh4 f4 20. Nd5 Bxd5 21. cxd5 Qd7 22. dxc6 Rxc6 23. Rxc6 Qxc6 24. b5 Qc2 25. Qd1 Qc5 26. Qb3+ Kh7 27. Rc1 Qb6 28. a5 Qb8 29. b6 fxg3 30. hxg3 Nf6 31. Rc7 Nfg8 32. Rxa7 Nc6 33. Rc7 Nd4 34. Qc4 Nf6 35. Be3 1-0

[Event "Ghent op 24th"]
[Site "Ghent"]
[Date "2001.07.16"]
[Round "5"]
[White "Soetewey, Steven"]
[Black "Van Ketel, Raoul"]
[Result "1-0"]
[WhiteElo "2170"]
[BlackElo "2181"]
[PlyCount "107"]
[EventDate "2001.07.14"]
[EventType "swiss"]
[EventRounds "9"]
[EventCountry "BEL"]
[SourceTitle "EXT 2002"]
[Source "ChessBase"]
[SourceDate "2001.11.25"]
[SourceVersion "1"]
[SourceVersionDate "2001.11.25"]
[SourceQuality "1"]

1. e4 e6 2. d3 d5 3. Nd2 c5 4. Ngf3 Nc6 5. g3 Bd6 6. Bg2 Nge7 7. 0-0 Qc7 8. Re1 0-0 9. Qe2 f6 10. h4 e5 11. c3 d4 12. Nh2 Be6 13. c4 a6 14. Rf1 b5 15. b3 Rab8 16. h5 Kh8 17. Ndf3 bxc4 18. bxc4 g5 19. hxg6 Nxg6 20. Kh1 Rg8 21. Ng1 Qd7 22. a3 Qg7 23. f3 Qd7 24. Ra2 Rb3 25. Rf2 a5 26. Bf1 Rgb8 27. f4 f5 28. Bh3 Nce7 29. Qh5 exf4 30. gxf4 Rxd3 31. Nhf3 Rb1 32. Ng5 Ng8 33. Nxe6 Rxh3+ 34. Qxh3 Qxe6 35. exf5 Qe4+ 36. Rg2 Nxf4 37. Bxf4 Bxf4 38. Raf2 Be3 39. Qg3 Rxg1+ 40. Kxg1 Bxf2+ 41. Rxf2 Nf6 42. Rg2 Qe3+ 43. Qxe3 dxe3 44. Rg3 e2 45. Re3 Kg7 46. Rxe2 Ng4 47. Re7+ Kf6 48. Rc7 Kxf5 49. Rxc5+ Ke4 50. Rxa5 Ne3 51. Rh5 Nxc4 52. a4 Ne5 53. a5 Kd5 54. a6 1-0

[Event "BEL-chT 0001"]
[Site "Belgium"]
[Date "2001.01.21"]
[Round "7"]
[White "Van Schaardenburg, Mark"]
[Black "Soetewey, Steven"]
[Result "1-0"]
[WhiteElo "2267"]
[BlackElo "2170"]
[PlyCount "111"]
[EventDate "2000.11.18"]
[EventType "team-tourn"]
[EventRounds "13"]
[EventCountry "BEL"]
[SourceTitle "CBM 081 Extra"]
[Source "ChessBase"]
[SourceDate "2001.05.06"]
[SourceVersion "1"]
[SourceVersionDate "2001.05.06"]
[SourceQuality "1"]

1. e4 Nc6 2. Nc3 Nf6 3. f4 d5 4. e5 d4 5. Nce2 d3 6. Nc3 Bg4 7. Nf3 Nd5 8. Nxd5 Qxd5 9. Bxd3 g5 10. Qe2 Nd4 11. Be4 Qc5 12. b4 Nxc2+ 13. Bxc2 Qxc2 14. 0-0 gxf4 15. Qb5+ Qc6 16. Qxc6+ bxc6 17. Nd4 Bg7 18. Rxf4 Bd7 19. Re4 a5 20. Ba3 0-0 21. Nb3 axb4 22. Bxb4 Be6 23. Bc3 Rfb8 24. Nd4 Rxa2 25. Rxa2 Bxa2 26. Nxc6 Rb1+ 27. Kf2 e6 28. Ra4 Bd5 29. Ra8+ Bf8 30. Ne7+ Kg7 31. Nxd5 exd5 32. Rd8 Bc5+ 33. Kg3 c6 34. e6+ d4 35. Bxd4+ Bxd4 36. e7 Re1 37. e8Q Rxe8 38. Rxe8 c5 39. Kf3 Kg6 40. Ke4 Kf6 41. Rd8 Bg1 42. h3 h5 43. Rd5 Kg6 44. Kd3 f5 45. Ke2 h4 46. Kf3 Kg5 47. Rd8 Bh2 48. Rc8 Bg1 49. Rg8+ Kf6 50. g3 hxg3 51. Rxg3 Bd4 52. h4 c4 53. h5 c3 54. Rg6+ Kf7 55. dxc3 Bxc3 56. Kf4 1-0

[Event "BEL-chT 0001"]
[Site "Belgium"]
[Date "2000.11.17"]
[Round "3"]
[White "Wunnink, Michael"]
[Black "Soetewey, Steven"]
[Result "1-0"]
[WhiteElo "2206"]
[BlackElo "2170"]
[PlyCount "67"]
[EventDate "2000.11.18"]
[EventType "team-tourn"]
[EventRounds "13"]
[EventCountry "BEL"]
[SourceTitle "CBM 081 Extra"]
[Source "ChessBase"]
[SourceDate "2001.05.06"]
[SourceVersion "1"]
[SourceVersionDate "2001.05.06"]
[SourceQuality "1"]

1. e4 Nc6 2. Nf3 d6 3. d4 Nf6 4. Nc3 Bg4 5. Be3 e5 6. d5 Ne7 7. Be2 g6 8. Nd2 Bxe2 9. Qxe2 a6 10. 0-0 Bg7 11. a4 0-0 12. a5 Nh5 13. Na4 Nf4 14. Qd1 f5 15. f3 Nc8 16. Kh1 b5 17. axb6 cxb6 18. c4 Nd3 19. Qb3 Nc5 20. Qc2 a5 21. Nc3 Ra7 22. f4 Raf7 23. fxe5 Bxe5 24. exf5 Rxf5 25. Rxf5 Rxf5 26. Nf3 Qf6 27. Bxc5 Bxc3 28. bxc3 dxc5 29. Re1 Kg7 30. Re6 Qf8 31. Qe4 Nd6 32. Qh4 Rf6 33. h3 h6 34. Ne5 1-0

[Event "BEL-chT 9798"]
[Site "Antwerp"]
[Date "1998.??.??"]
[Round "11"]
[White "Frank, Albert"]
[Black "Soetewey, Steven"]
[Result "1/2-1/2"]
[WhiteElo "2035"]
[BlackElo "2180"]
[PlyCount "88"]
[EventDate "1997.??.??"]
[EventType "team-tourn"]
[EventRounds "11"]
[EventCountry "BEL"]
[SourceTitle "EXT 1999"]
[Source "ChessBase"]
[SourceDate "1998.11.16"]
[SourceVersion "1"]
[SourceVersionDate "1998.11.16"]
[SourceQuality "1"]

1. c4 Nc6 2. Nc3 Nf6 3. g3 h5 4. d3 h4 5. gxh4 d5 6. cxd5 Nxd5 7. Bg2 Nxc3 8. bxc3 Rxh4 9. Nf3 Rg4 10. Kf1 e5 11. h3 Rg6 12. Qa4 Qd7 13. Rb1 Be7 14. h4 Qg4 15. Qxg4 Rxg4 16. e4 Rg6 17. Bh3 Bxh3+ 18. Rxh3 0-0-0 19. Ng5 Rh8 20. Nf3 Rd6 21. Ke2 f6 22. Rg3 Rh7 23. Rg6 Nd8 24. d4 exd4 25. cxd4 Ra6 26. a3 Bxa3 27. Bxa3 Rxa3 28. d5 Nf7 29. Rbg1 Rxf3 30. Kxf3 Ne5+ 31. Ke3 Nxg6 32. Rxg6 a5 33. h5 a4 34. Kd4 a3 35. Rg3 Rxh5 36. Rxa3 Rh2 37. Rg3 Rxf2 38. Rxg7 b6 39. Rf7 Kd8 40. Ke3 Rf1 41. Ke2 Rc1 42. Rxf6 Rc3 43. Kd2 Rh3 44. Rf7 b5 1/2-1/2

[Event "BEL-chT 9798"]
[Site "Antwerp"]
[Date "1998.??.??"]
[Round "8"]
[White "Soetewey, Steven"]
[Black "Gulbas, Cemil"]
[Result "0-1"]
[WhiteElo "2180"]
[BlackElo "2190"]
[PlyCount "48"]
[EventDate "1997.??.??"]
[EventType "team-tourn"]
[EventRounds "11"]
[EventCountry "BEL"]
[SourceTitle "EXT 1999"]
[Source "ChessBase"]
[SourceDate "1998.11.16"]
[SourceVersion "1"]
[SourceVersionDate "1998.11.16"]
[SourceQuality "1"]

1. d4 Nf6 2. Nc3 c5 3. Bg5 cxd4 4. Qxd4 Nc6 5. Qh4 Qa5 6. 0-0-0 b5 7. e4 b4 8. Bxf6 gxf6 9. Nd5 Qxa2 10. Nc7+ Kd8 11. Nxa8 Bb7 12. Qh3 Qa1+ 13. Kd2 Qxb2 14. Nb6 axb6 15. Qe3 Nd4 16. Ne2 e5 17. Nxd4 exd4 18. Qd3 Bh6+ 19. Ke1 Re8 20. f3 Be3 21. Be2 Re5 22. Kf1 Rc5 23. c4 bxc3 24. Rb1 c2 0-1

[Event "BEL-chT 9798"]
[Site "Antwerp"]
[Date "1997.??.??"]
[Round "1"]
[White "Riemens, Albert"]
[Black "Soetewey, Steven"]
[Result "1/2-1/2"]
[WhiteElo "2185"]
[BlackElo "2180"]
[PlyCount "35"]
[EventDate "1997.??.??"]
[EventType "team-tourn"]
[EventRounds "11"]
[EventCountry "BEL"]
[SourceTitle "EXT 1999"]
[Source "ChessBase"]
[SourceDate "1998.11.16"]
[SourceVersion "1"]
[SourceVersionDate "1998.11.16"]
[SourceQuality "1"]

1. e4 Nc6 2. Nf3 d6 3. d4 Nf6 4. Nc3 Bg4 5. Be2 e5 6. dxe5 dxe5 7. Qxd8+ Rxd8 8. Bb5 Bb4 9. Bd2 Bd7 10. 0-0-0 Bxc3 11. Bxc3 Nxe4 12. Bxc6 Bxc6 13. Rxd8+ Kxd8 14. Nxe5 Be8 15. Rd1+ Kc8 16. Bd4 f6 17. Nd3 Bf7 18. f3 1/2-1/2

[Event "Bethune op"]
[Site "Bethune"]
[Date "1997.??.??"]
[Round "5"]
[White "Soetewey, Steven"]
[Black "Apicella, Manuel"]
[Result "1/2-1/2"]
[WhiteElo "2180"]
[BlackElo "2500"]
[PlyCount "105"]
[EventDate "1997.12.26"]
[EventType "swiss"]
[EventRounds "7"]
[EventCountry "FRA"]
[SourceTitle "EXT 1999"]
[Source "ChessBase"]
[SourceDate "1998.11.16"]
[SourceVersion "1"]
[SourceVersionDate "1998.11.16"]
[SourceQuality "1"]

1. d4 d5 2. e4 e6 3. Nc3 Bb4 4. Nge2 dxe4 5. a3 Bxc3+ 6. Nxc3 Nc6 7. Bb5 Nge7 8. Bg5 f6 9. Bf4 0-0 10. Bxc6 Nxc6 11. d5 e5 12. Be3 Ne7 13. Bc5 Bf5 14. Qe2 Rf7 15. Bxe7 Rxe7 16. 0-0-0 Rd7 17. Qc4 Bg6 18. g4 a6 19. Rhe1 b5 20. Qc5 Rd6 21. a4 Qd7 22. Rxe4 Bxe4 23. Nxe4 bxa4 24. Nxd6 cxd6 25. Qc6 Rd8 26. Qxd7 Rxd7 27. Re1 Rc7 28. Re4 a3 29. b3 Rc5 30. c4 h5 31. h3 hxg4 32. hxg4 Kf7 33. Kc2 Rc8 34. Re1 Rh8 35. Ra1 Rh2 36. Rxa3 Rxf2+ 37. Kc3 Rf3+ 38. Kc2 Rf2+ 39. Kd3 Rf3+ 40. Kc2 Rf2+ 41. Kd3 Rf3+ 42. Ke2 e4 43. Rxa6 Rxb3 44. Rxd6 Rc3 45. Rd7+ Kg6 46. Rc7 Kg5 47. d6 Kf4 48. Rc5 e3 49. d7 Rc2+ 50. Kf1 Rc1+ 51. Ke2 Rc2+ 52. Ke1 Rc1+ 53. Ke2 1/2-1/2

[Event "BEL-chT 9798"]
[Site "Antwerp"]
[Date "1997.??.??"]
[Round "2"]
[White "Soetewey, Steven"]
[Black "Van Beers, Eddy"]
[Result "0-1"]
[WhiteElo "2180"]
[BlackElo "2275"]
[PlyCount "65"]
[EventDate "1997.??.??"]
[EventType "team-tourn"]
[EventRounds "11"]
[EventCountry "BEL"]
[SourceTitle "EXT 1999"]
[Source "ChessBase"]
[SourceDate "1998.11.16"]
[SourceVersion "1"]
[SourceVersionDate "1998.11.16"]
[SourceQuality "1"]

1. d4 f5 2. e4 fxe4 3. Nc3 Nf6 4. Bg5 Nc6 5. f3 e3 6. d5 Ne5 7. Qd4 Nf7 8. h4 c6 9. 0-0-0 Qa5 10. Bxe3 cxd5 11. Nxd5 Nxd5 12. Qxd5 Qxd5 13. Rxd5 b6 14. Nh3 Bb7 15. Rd1 Rc8 16. Bb5 Nd6 17. Bd3 e6 18. Ng5 h6 19. Bg6+ Kd8 20. Nf7+ Nxf7 21. Bxf7 Bd5 22. Rxd5 exd5 23. Bxd5 Bc5 24. Bf4 Rf8 25. g3 Be7 26. Rd1 g5 27. Be5 Bf6 28. Bd6 Re8 29. hxg5 hxg5 30. Be4 g4 31. Bf4 Rc5 32. c3 Bg5 33. Kc2 0-1

[Event "BEL-chT 9697"]
[Site "Belgium"]
[Date "1997.??.??"]
[Round "9"]
[White "Soetewey, Steven"]
[Black "Van Hul, Chris"]
[Result "1/2-1/2"]
[WhiteElo "2145"]
[BlackElo "2260"]
[PlyCount "96"]
[EventDate "1996.??.??"]
[EventType "team-tourn"]
[EventRounds "11"]
[EventCountry "BEL"]
[SourceTitle "EXT 1998"]
[Source "ChessBase"]
[SourceDate "1997.11.17"]
[SourceVersion "1"]
[SourceVersionDate "1997.11.17"]
[SourceQuality "1"]

1. e4 Nc6 2. d4 d5 3. Nc3 e5 4. Bb5 Bb4 5. exd5 Qxd5 6. Bxc6+ Qxc6 7. Nge2 Qxg2 8. Rg1 Qe4 9. Qd2 Bxc3 10. Qxc3 Bg4 11. Qe3 Bf5 12. Ng3 Qxe3+ 13. Bxe3 Bg6 14. dxe5 0-0-0 15. c3 f6 16. f4 fxe5 17. fxe5 Nh6 18. Rd1 Ng4 19. Rxd8+ Rxd8 20. Bd4 Nxh2 21. Ke2 Ng4 22. Kf3 Nh6 23. e6 Rf8+ 24. Kg2 Nf5 25. Rf1 Nh4+ 26. Kh3 Rxf1 27. Nxf1 Nf5 28. Be5 Kd8 29. Ng3 Nxg3 30. Kxg3 Bb1 31. Bxg7 Bxa2 32. Bf6+ Ke8 33. e7 Bf7 34. Kf4 Kd7 35. Ke5 Bg6 36. Bh4 b5 37. b4 a6 38. Bg5 Bf7 39. Kf6 Be8 40. Kg7 Bg6 41. Kf8 c6 42. Bh4 c5 43. Bf2 cxb4 44. cxb4 a5 45. bxa5 b4 46. a6 Kc8 47. Kg7 b3 48. Bd4 Kb8 1/2-1/2

[Event "BEL-ch Elite"]
[Site "Charleroi"]
[Date "1994.07.??"]
[Round "5"]
[White "Soetewey, Steven"]
[Black "Cools, Gorik"]
[Result "0-1"]
[WhiteElo "2030"]
[BlackElo "2300"]
[PlyCount "63"]
[EventDate "1994.07.04"]
[EventType "tourn"]
[EventRounds "13"]
[EventCountry "BEL"]
[EventCategory "1"]
[SourceTitle "EXT 2021"]
[Source "ChessBase"]
[SourceDate "2020.10.23"]
[SourceVersion "1"]
[SourceVersionDate "2020.10.23"]
[SourceQuality "1"]

1. Nc3 d5 2. e4 d4 3. Nb1 e5 4. Bc4 Nf6 5. d3 Bd6 6. Ne2 0-0 7. c3 c5 8. 0-0 Nc6 9. cxd4 cxd4 10. a3 Bd7 11. b4 a6 12. f4 b5 13. Ba2 a5 14. bxa5 exf4 15. Nxf4 Rxa5 16. h3 Qe7 17. Nh5 Nxh5 18. Qxh5 b4 19. Bd5 Be6 20. Qf3 Ne5 21. Qe2 Bxd5 22. exd5 Rfa8 23. Qe4 Qb7 24. Bb2 Qxd5 25. Bxd4 Qxe4 26. dxe4 bxa3 27. Rd1 Nc4 28. Nd2 Nxd2 29. Rxd2 Ra4 30. Kf1 Bf4 31. Rdd1 f6 32. Bc5 0-1

[Event "BEL-ch Elite"]
[Site "Charleroi"]
[Date "1994.07.??"]
[Round "12"]
[White "Vandevoort, Pascal"]
[Black "Soetewey, Steven"]
[Result "1-0"]
[WhiteElo "2305"]
[BlackElo "2030"]
[PlyCount "61"]
[EventDate "1994.07.04"]
[EventType "tourn"]
[EventRounds "13"]
[EventCountry "BEL"]
[EventCategory "1"]
[SourceTitle "EXT 2021"]
[Source "ChessBase"]
[SourceDate "2020.10.23"]
[SourceVersion "1"]
[SourceVersionDate "2020.10.23"]
[SourceQuality "1"]

1. Nf3 b6 2. g3 Bb7 3. Bg2 e6 4. 0-0 f5 5. d4 Nf6 6. c4 Be7 7. Nc3 0-0 8. d5 exd5 9. cxd5 Ne8 10. e4 fxe4 11. Nxe4 Nd6 12. Nxd6 Bxd6 13. Ng5 h6 14. Ne4 Qe7 15. Qg4 Kh8 16. Nxd6 Qxd6 17. Bf4 Qf6 18. Rae1 Ba6 19. d6 c6 20. Be5 Qg5 21. Qe4 Bxf1 22. Bxf1 Qf5 23. Qxf5 Rxf5 24. Bd4 Rf8 25. Re7 Rg8 26. Bc4 Na6 27. Bxg8 Rxg8 28. Rxd7 c5 29. Bc3 Nb8 30. Rxa7 b5 31. Rb7 1-0

[Event "Flandern-ch final"]
[Site "Beringen"]
[Date "1994.05.29"]
[Round "5"]
[White "Schuermans, Robert"]
[Black "Soetewey, Steven"]
[Result "1-0"]
[WhiteElo "2230"]
[BlackElo "2010"]
[PlyCount "81"]
[EventDate "1994.05.14"]
[EventType "tourn"]
[EventRounds "5"]
[EventCountry "BEL"]
[SourceTitle "EXT 2021"]
[Source "ChessBase"]
[SourceDate "2020.10.23"]
[SourceVersion "1"]
[SourceVersionDate "2020.10.23"]
[SourceQuality "1"]

1. e4 Nc6 2. d4 d5 3. Nc3 e5 4. exd5 Nxd4 5. Be3 Nf5 6. Nf3 Bb4 7. Bb5+ Bd7 8. Qd3 f6 9. 0-0 Nge7 10. Bc4 Nd6 11. Ne4 Bf5 12. Nxd6+ Bxd6 13. Qe2 Bg4 14. h3 Bh5 15. g4 Bf7 16. Rad1 0-0 17. Nh4 Qd7 18. Bb5 Qc8 19. c4 a6 20. Ba4 b5 21. cxb5 axb5 22. Bb3 c6 23. dxc6 Bxb3 24. Rxd6 Bc4 25. Qc2 Rxa2 26. Rfd1 h5 27. Rd7 Nxc6 28. Nf5 Bf7 29. Rxf7 Rxf7 30. Nd6 Qe6 31. Qxc6 Rd7 32. Qc8+ Kh7 33. Qc2+ Kg8 34. Nf5 Rxd1+ 35. Qxd1 Rxb2 36. Qd8+ Kh7 37. Qf8 Rb1+ 38. Kh2 Qd7 39. Ne7 Qe6 40. Qe8 g5 41. Qg6+ 1-0